Percampuran dan penukaran kod dalam lagu-lagu Tamil tempatan /
Saved in:
| Main Author: | |
|---|---|
| Format: | Thesis Book |
| Language: | Malay |
| Published: |
2011.
|
| Subjects: | |
| Online Access: | http://studentsrepo.um.edu.my/id/eprint/3385 |
| Tags: |
Add Tag
No Tags, Be the first to tag this record!
|
| LEADER | 01450cam a2200325 a 4500 | ||
|---|---|---|---|
| 001 | u854895 | ||
| 003 | SIRSI | ||
| 005 | 201204161505 | ||
| 008 | 120416s2011 maya t 000 0 may m | ||
| 040 | |a UMM |d UMB |d AUM |e rda | ||
| 043 | |a a-my--- | ||
| 090 | |a PB12 |b UM 2011 Nai | ||
| 093 | |a PB12 |b UM 2011 Nai | ||
| 100 | 1 | |a Nair, Letchumi Damodharan | |
| 245 | 1 | 0 | |a Percampuran dan penukaran kod dalam lagu-lagu Tamil tempatan / |c Letchumi Damodharan Nair. |
| 260 | |c 2011. | ||
| 300 | |a xvi, 190 leaves : |b ill. ; |c 30 cm. | ||
| 502 | |a Dissertation (M.M.L.S.) -- Jabatan Bahasa-bahasa Malaysia dan Linguistik Terapan, Fakulti Bahasa dan Linguistik, Universiti Malaya, 2011. | ||
| 504 | |a Bibliography: leaves 121-128. | ||
| 530 | |a Also issued in CD. | ||
| 650 | 0 | |a Code switching (Linguistics). | |
| 650 | 0 | |a Tamil language |z Malaysia. | |
| 650 | 0 | |a Sociolinguistics. | |
| 710 | 2 | |a Universiti Malaya. |b Jabatan Bahasa-bahasa Malaysia dan Linguistik Terapan. | |
| 856 | 4 | 1 | |u http://studentsrepo.um.edu.my/id/eprint/3385 |
| 596 | |a 1 6 25 | ||
| 900 | |a NHS | ||
| 999 | |a PB12 UM 2011 NAI |w LC |c 1 |i A515188836 |d 17/5/2019 |e 17/5/2019 |f 20/11/2012 |g 1 |l STACKS |m P01UTAMA |n 11 |r Y |s Y |t TESIS |u 20/11/2012 | ||
| 999 | |a PB12 UM 2011 NAI |w LC |c 1 |i A515188875 |d 20/5/2013 |e 20/5/2013 |f 29/11/2012 |g 1 |l STACKS |m P06BAHASA |n 1 |r Y |s Y |t TESIS |u 29/11/2012 | ||
| 999 | |a PB12 UM 2011 NAI |w LC |c 1 |i A517297272 |f 10/4/2023 |g 1 |l STACKS |m P25UMARCHI |r N |s Y |t CD |u 10/4/2023 |1 AHSS |o .STAFF. MST-CD2197 | ||
